Surface and colloid science /

Guardado en:
Otros Autores: Matijevic, Egon, 1922-, (Editor , ed.)
Formato: Libro
Idioma:English
Publicado: New York : Wiley, 1976-
Materias:
Etiquetas: Agregar Etiqueta
Sin Etiquetas, Sea el primero en etiquetar este registro!
LEADER 00794nam a22002295a 4500
001 EIQ.libpla001994
008 070322s1976####nyu######b####001#0#eng#d
005 20070322155813.0
245 0 0 |a Surface and colloid science /  |c editor Egon Matijević. 
260 |a New York :  |b Wiley,  |c 1976- 
300 |a v. :  |b 24 cm. 
500 |a "A Wiley-Interscience publication". 
500 |a Descripción basada en vol. 9. 
504 |a Incluye referencias bibliográficas e índice. 
020 |a 0471576387 
700 1 |a Matijevic, Egon,  |d 1922-,  |e ed.  |4 edt 
650 4 |a Catálisis  |x Coloides. 
650 4 |a Catálisis  |x Superficies. 
650 4 |a Catalysis  |x Surfaces. 
650 4 |a Catalysis  |x Colloids. 
040 |a AR-BbSID  |b spa  |c AR-BbSID 
859 |a AR-BbSID  |b BIB. PLAPIQUI  |h 541.345  |i Su 76  |p 411  |v Vol. 9  |3 Vol. 9